Operational risk of purchasers. Portfolio management approach in accounts receivable management

Salvato in:
Dettagli Bibliografici
Autore principale: Michalski, Grzegorz
Natura: Capitolo di libro
Lingua:inglese
Soggetti:
Tags: Aggiungi Tag
Nessun Tag, puoi essere il primo ad aggiungerne!!

MARC

LEADER 00000naa$a2200000$$$4500
001 0074964
005 20230918091815.3
041 0 |a eng 
044 |a SK 
245 1 0 |a Operational risk of purchasers. Portfolio management approach in accounts receivable management  |c Grzegorz Michalski 
610 2 0 |a portfólio 
610 2 0 |a riziko operačné 
610 2 0 |a manažment 
610 2 0 |a zákazníci 
610 2 0 |a nákup 
610 2 0 |a ukazovateľ EVA 
610 2 0 |a hodnota pridaná ekonomická 
100 1 |a Michalski, Grzegorz